[Event "MPA 1580 2024"]
[Site "Sianozety"]
[Date "2024.04.12"]
[Round "4.6"]
[White "Glaz, Marek"]
[Black "Krawczyk, Marcin"]
[Result "0-1"]
[BlackElo "1560"]
[WhiteElo "1456"]
[LiveChessVersion "1.4.4"]

1. e4 {[%clk 1:30:58]} e5 {[%clk 1:30:55]} 2. Nf3 {[%clk 1:31:23]} Nc6
{[%clk 1:31:20]} 3. c3 {[%clk 1:31:44]} Nf6 {[%clk 1:31:41]} 4. d4
{[%clk 1:32:06]} Nxe4 {[%clk 1:31:59]} 5. d5 {[%clk 1:32:16]} Bc5
{[%clk 1:32:24]} 6. dxc6 {[%clk 1:32:28]} Bxf2+ {[%clk 1:32:39]} 7. Ke2
{[%clk 1:32:50]} Bb6 {[%clk 1:32:49]} 8. Qd5 {[%clk 1:33:13]} Nc5
{[%clk 1:19:33]} 9. Be3 {[%clk 1:28:32]} O-O {[%clk 1:11:31]} 10. Bxc5
{[%clk 1:27:49]} bxc6 {[%clk 1:11:45]} 11. Qc4 {[%clk 1:25:42]} a5
{[%clk 1:11:57]} 12. Kd1 {[%clk 1:18:22]} d5 {[%clk 1:11:51]} 13. Qa4
{[%clk 1:17:35]} Bxc5 {[%clk 1:05:04]} 14. Qxc6 {[%clk 1:14:09]} d4
{[%clk 0:40:19]} 15. Qxc5 {[%clk 0:59:08]} dxc3+ {[%clk 0:39:54]} 16. Kc1
{[%clk 0:59:31]} cxb2+ {[%clk 0:39:13]} 17. Kxb2 {[%clk 0:59:43]} Rb8+
{[%clk 0:39:31]} 18. Kc1 {[%clk 0:59:48]} e4 {[%clk 0:39:29]} 19. Nd4
{[%clk 0:56:15]} Qf6 {[%clk 0:35:17]} 20. Be2 {[%clk 0:39:08]} Rd8
{[%clk 0:32:11]} 21. Rd1 {[%clk 0:36:58]} Rb4 {[%clk 0:30:39]} 22. Nc3
{[%clk 0:29:30]} Rbxd4 {[%clk 0:24:22]} 23. Rxd4 {[%clk 0:28:31]} Rxd4
{[%clk 0:24:46]} 24. Kc2 {[%clk 0:23:02]} e3 {[%clk 0:22:14]} 25. Rf1
{[%clk 0:21:46]} Qg6+ {[%clk 0:20:59]} 26. Kb2 {[%clk 0:17:39]} Rd2+
{[%clk 0:15:55]} 27. Ka1 {[%clk 0:08:54]} Qc2 {[%clk 0:15:03]} 28. Rb1
{[%clk 0:07:50]} Rxe2 {[%clk 0:13:28]} 29. Qxc7 {[%clk 0:08:06]} h6
{[%clk 0:13:31]} 30. Qxc8+ {[%clk 0:08:30]} Kh7 {[%clk 0:13:55]} 31. Qc4
{[%clk 0:08:19]} Rxg2 {[%clk 0:13:30]} 32. Qe4+ {[%clk 0:06:14]} Qxe4
{[%clk 0:12:29]} 33. Nxe4 {[%clk 0:06:43]} f5 {[%clk 0:12:20]} 34. Nc3
{[%clk 0:04:48]} f4 {[%clk 0:11:59]} 35. h4 {[%clk 0:02:58]} Kg6 {[%clk 0:10:55]}
36. Rf1 {[%clk 0:02:04]} Kf5 {[%clk 0:09:35]} 37. Nd5 {[%clk 0:01:47]} Rf2
{[%clk 0:09:31]} 38. Re1 {[%clk 0:02:00]} e2 {[%clk 0:08:50]} 39. Kb2
{[%clk 0:02:16]} f3 {[%clk 0:09:01]} 40. Kc2 {[%clk 0:02:01]} Rh2
{[%clk 0:04:24]} 41. Ne3+ {[%clk 0:01:41]} Ke4 {[%clk 0:04:20]} 42. Kd2
{[%clk 0:01:27]} Rxh4 {[%clk 0:04:37]} 43. Nd1 {[%clk 0:01:25]} g5
{[%clk 0:04:34]} 44. Nf2+ {[%clk 0:01:38]} Kd4 {[%clk 0:04:30]} 45. Rg1
{[%clk 0:01:39]} Rh2 {[%clk 0:04:06]} 46. Ke1 {[%clk 0:01:48]} Rg2
{[%clk 0:02:30]} 47. Rh1 {[%clk 0:02:12]} Ke3 {[%clk 0:02:38]} 48. Nh3
{[%clk 0:01:35]} f2+ {[%clk 0:02:53]} 49. Nxf2 {[%clk 0:01:56]} Rxf2
{[%clk 0:03:14]} 50. Rh3+ {[%clk 0:02:18]} Rf3 {[%clk 0:03:32]} 51. Rh1
{[%clk 0:02:39]} g4 {[%clk 0:03:25]} 52. Rg1 {[%clk 0:03:01]} Rf1+
{[%clk 0:02:31]} 53. Rxf1 {[%clk 0:03:24]} exf1=Q+ {[%clk 0:02:54]} 54. Kxf1
{[%clk 0:03:50]} Kd2 {[%clk 0:03:04]} 0-1

[Event "MPA 1580 2024"]
[Site "Sianozety"]
[Date "2024.04.12"]
[Round "4.8"]
[White "Brzezinski, Piotr"]
[Black "Rosiak, Sebastian"]
[Result "0-1"]
[BlackElo "1547"]
[WhiteElo "1425"]
[LiveChessVersion "1.4.4"]

1. d4 {[%clk 1:30:57]} Nf6 {[%clk 1:30:51]} 2. Bf4 {[%clk 1:31:14]} e6
{[%clk 1:30:49]} 3. e3 {[%clk 1:30:35]} c5 {[%clk 1:31:18]} 4. c3
{[%clk 1:30:49]} Nc6 {[%clk 1:31:36]} 5. Nf3 {[%clk 1:30:41]} d5 {[%clk 1:31:13]}
6. Nbd2 {[%clk 1:30:42]} Bd6 {[%clk 1:30:57]} 7. Bg3 {[%clk 1:31:01]} O-O
{[%clk 1:30:50]} 8. Bd3 {[%clk 1:28:47]} b6 {[%clk 1:29:03]} 9. Ne5
{[%clk 1:21:55]} Bb7 {[%clk 1:28:57]} 10. Ng4 {[%clk 1:20:58]} Nxg4
{[%clk 1:13:29]} 11. Qxg4 {[%clk 1:20:50]} f5 {[%clk 1:13:22]} 12. Qd1
{[%clk 1:20:01]} e5 {[%clk 1:08:30]} 13. dxe5 {[%clk 1:19:22]} Nxe5
{[%clk 1:08:43]} 14. Bxe5 {[%clk 1:17:49]} Bxe5 {[%clk 1:09:01]} 15. Nf3
{[%clk 1:18:09]} Bc7 {[%clk 1:08:51]} 16. Qc2 {[%clk 1:17:17]} Qf6
{[%clk 1:04:34]} 17. O-O-O {[%clk 1:15:04]} h6 {[%clk 1:00:57]} 18. c4
{[%clk 1:10:00]} d4 {[%clk 0:51:18]} 19. e4 {[%clk 1:07:20]} fxe4
{[%clk 0:50:06]} 20. Bxe4 {[%clk 1:07:31]} Qf4+ {[%clk 0:48:50]} 21. Nd2
{[%clk 1:06:54]} Bxe4 {[%clk 0:47:19]} 22. Qxe4 {[%clk 1:06:46]} Qf7
{[%clk 0:33:53]} 23. Rhf1 {[%clk 1:02:18]} Bf4 {[%clk 0:33:02]} 24. g3
{[%clk 0:58:43]} Qxc4+ {[%clk 0:32:46]} 25. Kb1 {[%clk 0:58:57]} Bxd2
{[%clk 0:32:57]} 26. b3 {[%clk 0:56:47]} Qb4 {[%clk 0:31:10]} 27. Qd5+
{[%clk 0:56:32]} Kh8 {[%clk 0:31:20]} 28. a3 {[%clk 0:56:42]} Qc3
{[%clk 0:31:04]} 0-1

[Event "MPA 1580 2024"]
[Site "Sianozety"]
[Date "2024.04.12"]
[Round "4.15"]
[White "Oscilowski, Mateusz"]
[Black "Petrykowski, Pawel"]
[Result "0-1"]
[BlackElo "1480"]
[WhiteElo "1536"]
[LiveChessVersion "1.4.4"]

1. Nf3 {[%clk 1:30:57]} e6 {[%clk 1:30:44]} 2. c4 {[%clk 1:30:59]} a6
{[%clk 1:31:07]} 3. d4 {[%clk 1:30:39]} d5 {[%clk 1:30:57]} 4. Nc3
{[%clk 1:28:41]} Nf6 {[%clk 1:30:27]} 5. Bg5 {[%clk 1:28:24]} Be7
{[%clk 1:29:42]} 6. e3 {[%clk 1:25:41]} dxc4 {[%clk 1:28:06]} 7. Bxc4
{[%clk 1:24:17]} b5 {[%clk 1:28:19]} 8. Bd3 {[%clk 1:22:22]} Bb7 {[%clk 1:27:34]}
9. Qc2 {[%clk 1:20:55]} h6 {[%clk 1:26:19]} 10. Bxf6 {[%clk 1:18:48]} Bxf6
{[%clk 1:25:02]} 11. Be4 {[%clk 1:19:05]} Bxe4 {[%clk 1:15:27]} 12. Qxe4
{[%clk 1:19:26]} c6 {[%clk 1:14:29]} 13. O-O {[%clk 1:15:42]} O-O
{[%clk 1:12:09]} 14. Nd2 {[%clk 1:12:44]} e5 {[%clk 1:06:00]} 15. dxe5
{[%clk 1:04:27]} Bxe5 {[%clk 1:05:53]} 16. Nb3 {[%clk 0:53:41]} Qf6
{[%clk 1:05:41]} 17. Rac1 {[%clk 0:47:45]} Nd7 {[%clk 0:59:57]} 18. f4
{[%clk 0:45:17]} Bc7 {[%clk 0:55:33]} 19. Rfd1 {[%clk 0:41:18]} Rfe8
{[%clk 0:53:15]} 20. Qf3 {[%clk 0:39:54]} Rxe3 {[%clk 0:53:01]} 21. Qg4
{[%clk 0:36:03]} Bb6 {[%clk 0:51:55]} 22. Kh1 {[%clk 0:35:52]} Nc5
{[%clk 0:42:43]} 23. Nxc5 {[%clk 0:35:00]} Bxc5 {[%clk 0:42:46]} 24. f5
{[%clk 0:34:32]} Rae8 {[%clk 0:41:31]} 25. h3 {[%clk 0:30:54]} b4
{[%clk 0:39:29]} 26. Na4 {[%clk 0:30:50]} R8e4 {[%clk 0:36:16]} 27. Qxe4
{[%clk 0:29:36]} Rxe4 {[%clk 0:36:39]} 28. Nxc5 {[%clk 0:30:01]} Re2
{[%clk 0:32:42]} 29. Nxa6 {[%clk 0:25:07]} Qg5 {[%clk 0:30:11]} 30. Rg1
{[%clk 0:24:28]} Rxg2 {[%clk 0:27:21]} 31. Nxb4 {[%clk 0:22:19]} Rxg1+
{[%clk 0:23:21]} 32. Rxg1 {[%clk 0:22:47]} Qxf5 {[%clk 0:23:38]} 33. Rg4
{[%clk 0:18:50]} h5 {[%clk 0:21:22]} 34. Nxc6 {[%clk 0:17:22]} Qf3+
{[%clk 0:19:37]} 35. Rg2 {[%clk 0:17:44]} Qxc6 {[%clk 0:19:18]} 36. b3
{[%clk 0:16:29]} f5 {[%clk 0:16:39]} 37. Kh2 {[%clk 0:16:28]} f4 {[%clk 0:16:11]}
38. h4 {[%clk 0:14:28]} Qd6 {[%clk 0:14:28]} 39. Kh3 {[%clk 0:13:14]} Qd3+
{[%clk 0:14:30]} 40. Kh2 {[%clk 0:13:27]} f3 {[%clk 0:14:26]} 41. Rf2
{[%clk 0:12:53]} Qe2 {[%clk 0:14:01]} 42. Kg3 {[%clk 0:12:40]} Qe3
{[%clk 0:10:47]} 43. Rxf3 {[%clk 0:11:54]} Qg1+ {[%clk 0:11:03]} 44. Kf4
{[%clk 0:11:47]} Qg4+ {[%clk 0:11:17]} 45. Ke3 {[%clk 0:12:00]} Qxh4
{[%clk 0:11:36]} 46. a4 {[%clk 0:11:37]} Qg4 {[%clk 0:08:55]} 47. Kf2
{[%clk 0:10:47]} h4 {[%clk 0:08:23]} 48. a5 {[%clk 0:10:46]} h3 {[%clk 0:07:44]}
49. Rg3 Qd4+ {[%clk 0:07:49]} 50. Kf3 {[%clk 0:07:15]} h2 {[%clk 0:07:24]} 51.
Rh3 {[%clk 0:04:31]} h1=Q+ {[%clk 0:07:10]} 52. Rxh1 {[%clk 0:04:33]} Qd5+
{[%clk 0:07:33]} 53. Ke3 {[%clk 0:04:45]} Qxh1 {[%clk 0:07:51]} 54. Kd4
{[%clk 0:05:05]} Qc6 {[%clk 0:07:50]} 55. b4 {[%clk 0:05:15]} g5 {[%clk 0:08:06]}
56. Ke3 {[%clk 0:04:32]} Qb5 {[%clk 0:08:27]} 57. a6 {[%clk 0:04:19]} Qxa6
{[%clk 0:08:51]} 58. Kd4 {[%clk 0:04:42]} Qb5 {[%clk 0:09:14]} 59. Kc3
{[%clk 0:05:00]} g4 {[%clk 0:09:38]} 0-1

[Event "MPA 1580 2024"]
[Site "Sianozety"]
[Date "2024.04.12"]
[Round "5.1"]
[White "Kopacz, Mikolaj"]
[Black "Chacinski-Osorio, Fabian"]
[Result "1/2-1/2"]
[BlackElo "1575"]
[WhiteElo "1513"]
[LiveChessVersion "1.4.4"]

1. e4 {[%clk 1:30:57]} c6 {[%clk 1:30:57]} 2. d4 {[%clk 1:31:17]} d5
{[%clk 1:31:24]} 3. e5 {[%clk 1:30:17]} c5 {[%clk 1:31:49]} 4. c3
{[%clk 1:30:40]} Nc6 {[%clk 1:32:14]} 5. Nf3 {[%clk 1:30:10]} Bg4
{[%clk 1:32:36]} 6. Nbd2 {[%clk 1:29:04]} e6 {[%clk 1:32:11]} 7. h3
{[%clk 1:27:24]} Bxf3 {[%clk 1:32:06]} 8. Nxf3 {[%clk 1:27:36]} cxd4
{[%clk 1:30:17]} 9. cxd4 {[%clk 1:27:47]} Bb4+ {[%clk 1:28:48]} 10. Bd2
{[%clk 1:27:19]} Bxd2+ {[%clk 1:29:10]} 11. Qxd2 {[%clk 1:27:31]} Nge7
{[%clk 1:29:30]} 12. Bd3 {[%clk 1:27:14]} Qb6 {[%clk 1:28:31]} 13. O-O
{[%clk 1:26:20]} h6 {[%clk 1:18:18]} 14. Kh1 {[%clk 1:23:18]} O-O-O
{[%clk 1:18:16]} 15. Rac1 {[%clk 1:21:36]} Kb8 {[%clk 1:18:21]} 16. Bb1
{[%clk 1:21:51]} Qa6 {[%clk 1:09:13]} 17. Rfd1 {[%clk 1:17:58]} Rc8
{[%clk 1:09:03]} 18. Rc5 {[%clk 1:10:39]} Qb6 {[%clk 0:49:19]} 19. Rdc1
{[%clk 1:06:58]} Qb4 {[%clk 0:44:50]} 20. Qxb4 {[%clk 0:56:14]} Nxb4
{[%clk 0:45:13]} 21. a3 {[%clk 0:53:13]} Rxc5 {[%clk 0:45:31]} 22. Rxc5
{[%clk 0:53:32]} Na6 {[%clk 0:44:20]} 23. Rc3 {[%clk 0:53:25]} Rc8
{[%clk 0:44:43]} 24. Rxc8+ {[%clk 0:52:58]} Kxc8 {[%clk 0:45:05]} 25. Bd3
{[%clk 0:53:04]} Nb8 {[%clk 0:44:43]} 26. Kg1 {[%clk 0:53:04]} Nbc6
{[%clk 0:44:09]} 27. b4 {[%clk 0:51:24]} Kc7 {[%clk 0:25:06]} 28. Kf1
{[%clk 0:49:53]} Kb6 {[%clk 0:25:21]} 29. Ke2 {[%clk 0:49:11]} a6
{[%clk 0:25:14]} 30. Kd2 {[%clk 0:48:32]} Na7 {[%clk 0:25:17]} 31. Kc3
{[%clk 0:45:29]} Nb5+ {[%clk 0:22:16]} 32. Bxb5 {[%clk 0:44:45]} Kxb5
{[%clk 0:22:22]} 33. Kb3 {[%clk 0:44:22]} b6 {[%clk 0:17:47]} 34. h4
{[%clk 0:39:17]} f6 {[%clk 0:13:36]} 35. g3 {[%clk 0:36:46]} Kc6 {[%clk 0:10:57]}
36. a4 {[%clk 0:34:17]} a5 {[%clk 0:09:51]} 37. b5+ {[%clk 0:33:58]} Kd7
{[%clk 0:10:12]} 38. Kc3 {[%clk 0:34:07]} h5 {[%clk 0:09:08]} 39. Kd3
{[%clk 0:34:02]} Nf5 {[%clk 0:09:01]} 40. Ng1 {[%clk 0:32:20]} Ke7
{[%clk 0:07:44]} 41. Nh3 {[%clk 0:32:04]} Kf7 {[%clk 0:07:37]} 42. Kc3
{[%clk 0:30:57]} Ne7 {[%clk 0:05:45]} 43. Nf4 {[%clk 0:28:07]} Ng6
{[%clk 0:05:53]} 44. Nd3 {[%clk 0:25:29]} Ne7 {[%clk 0:04:47]} 45. exd6 1/2-1/2

[Event "MPA 1580 2024"]
[Site "Sianozety"]
[Date "2024.04.12"]
[Round "5.3"]
[White "Krawczyk, Marcin"]
[Black "Zemla, Andrzej"]
[Result "1-0"]
[BlackElo "1453"]
[WhiteElo "1560"]
[LiveChessVersion "1.4.4"]

1. e4 {[%clk 1:30:58]} c6 {[%clk 1:30:55]} 2. d4 {[%clk 1:31:25]} d5
{[%clk 1:31:21]} 3. Nc3 {[%clk 1:31:51]} dxe4 {[%clk 1:31:33]} 4. Nxe4
{[%clk 1:32:15]} Nf6 {[%clk 1:31:57]} 5. Nxf6+ {[%clk 1:32:26]} exf6
{[%clk 1:32:34]} 6. c3 Bd6 {[%clk 1:32:50]} 7. Bd3 {[%clk 1:30:55]} O-O 8. Qc2
{[%clk 1:30:56]} Re8+ {[%clk 1:33:11]} 9. Ne2 {[%clk 1:30:55]} h5
{[%clk 1:33:15]} 10. Be3 {[%clk 1:30:44]} Be6 11. b3 {[%clk 1:20:28]} Nd7
{[%clk 1:32:21]} 12. O-O-O {[%clk 1:18:03]} Nf8 {[%clk 1:23:13]} 13. Nf4
{[%clk 1:16:06]} Bg4 {[%clk 1:21:07]} 14. Rde1 {[%clk 1:12:28]} h4
{[%clk 1:20:09]} 15. h3 {[%clk 1:08:58]} Bd7 {[%clk 1:16:34]} 16. g3
{[%clk 0:58:40]} Qc7 {[%clk 1:00:32]} 17. Reg1 {[%clk 0:52:22]} hxg3 18. Nh5
{[%clk 0:51:07]} Kh8 {[%clk 0:55:48]} 19. Nxg3 {[%clk 0:42:12]} g6
{[%clk 0:53:26]} 20. h4 {[%clk 0:42:12]} Bf4 {[%clk 0:52:59]} 21. Kd2
{[%clk 0:35:59]} Rxe3 {[%clk 0:45:23]} 22. fxe3 {[%clk 0:35:08]} Bxg3
{[%clk 0:45:23]} 23. Rf1 {[%clk 0:30:50]} Bg4 {[%clk 0:32:15]} 24. Rxf6
{[%clk 0:30:50]} Kg7 {[%clk 0:22:59]} 25. Rhf1 {[%clk 0:26:24]} Bxh4
{[%clk 0:22:59]} 26. R6f4 {[%clk 0:26:24]} Qd7 {[%clk 0:12:23]} 27. Rg1
{[%clk 0:22:20]} Bg5 {[%clk 0:12:23]} 28. Rfxg4 {[%clk 0:21:36]} Bxe3+
{[%clk 0:12:05]} 29. Kxe3 {[%clk 0:20:41]} Qe6+ {[%clk 0:12:05]} 30. Kd2
{[%clk 0:18:25]} Re8 {[%clk 0:11:41]} 31. Re4 {[%clk 0:18:25]} Qf6
{[%clk 0:11:41]} 32. Rxe8 {[%clk 0:14:52]} Qf2+ {[%clk 0:12:03]} 33. Re2
{[%clk 0:14:59]} Qxg1 {[%clk 0:12:24]} 34. Qd1 {[%clk 0:14:49]} Qg5+
{[%clk 0:12:37]} 35. Kc2 {[%clk 0:15:12]} f5 {[%clk 0:12:40]} 36. Qd2
{[%clk 0:14:02]} Qf6 {[%clk 0:12:57]} 37. Qe3 {[%clk 0:11:54]} Kf7
{[%clk 0:12:39]} 38. Bc4+ {[%clk 0:10:40]} Kg7 {[%clk 0:13:01]} 39. Qe7+
{[%clk 0:10:40]} Qxe7 {[%clk 0:13:01]} 40. Rxe7+ {[%clk 0:11:25]} Kh6
{[%clk 0:13:00]} 41. Rf7 {[%clk 0:11:25]} Nh7 {[%clk 0:13:07]} 42. Kd2
{[%clk 0:11:41]} Ng5 {[%clk 0:13:22]} 43. Rf8 {[%clk 0:11:03]} Ne4+
{[%clk 0:13:22]} 44. Kd3 {[%clk 0:11:03]} Kg5 {[%clk 0:10:30]} 45. Bf7
{[%clk 0:10:22]} Nf6 {[%clk 0:08:54]} 46. Ke2 {[%clk 0:09:22]} Ne4
{[%clk 0:08:54]} 47. c4 {[%clk 0:09:22]} Nc3+ {[%clk 0:08:54]} 48. Kf3
{[%clk 0:09:22]} Nxa2 {[%clk 0:08:54]} 49. Rg8 {[%clk 0:09:22]} Kf6
{[%clk 0:08:10]} 50. Bxg6 {[%clk 0:09:04]} Nc1 {[%clk 0:08:10]} 51. b4
{[%clk 0:09:04]} Nd3 {[%clk 0:08:15]} 52. b5 {[%clk 0:07:03]} cxb5
{[%clk 0:08:15]} 53. cxb5 {[%clk 0:07:03]} Nb4 {[%clk 0:08:15]} 54. Bh7
{[%clk 0:07:03]} a5 {[%clk 0:08:15]} 55. bxa6 {[%clk 0:03:39]} bxa6 56. Ra8
{[%clk 0:03:39]} Kg5 {[%clk 0:06:35]} 57. Rf8 {[%clk 0:03:26]} Nc2
{[%clk 0:06:11]} 58. d5 {[%clk 0:03:06]} Nd4+ {[%clk 0:06:18]} 59. Ke3
{[%clk 0:03:02]} Nb5 {[%clk 0:06:36]} 60. Bxf5 Nd6 {[%clk 0:06:55]} 61. Be6
{[%clk 0:03:21]} a5 {[%clk 0:07:06]} 62. Ra8 {[%clk 0:03:41]} Kf6
{[%clk 0:07:18]} 63. Kd4 Nb5+ {[%clk 0:06:04]} 64. Kc5 {[%clk 0:04:01]} Nc7
{[%clk 0:05:56]} 65. Rxa5 {[%clk 0:04:15]} Nxe6+ {[%clk 0:06:23]} 66. dxe6
{[%clk 0:04:33]} Kxe6 1-0

[Event "MPA 1580 2024"]
[Site "Sianozety"]
[Date "2024.04.12"]
[Round "5.4"]
[White "Lopusiewicz, Marta"]
[Black "Kuriata, Tomasz"]
[Result "1-0"]
[BlackElo "1572"]
[WhiteElo "1540"]
[LiveChessVersion "1.4.4"]

1. d4 {[%clk 1:30:58]} Nf6 {[%clk 1:30:34]} 2. Nf3 {[%clk 1:31:24]} e6
{[%clk 1:30:55]} 3. c4 {[%clk 1:31:41]} Bb4+ {[%clk 1:30:56]} 4. Bd2
{[%clk 1:31:09]} a5 {[%clk 1:31:13]} 5. Nc3 {[%clk 1:31:21]} c5 {[%clk 1:30:51]}
6. e3 {[%clk 1:30:58]} cxd4 {[%clk 1:29:18]} 7. Nxd4 {[%clk 1:30:34]} d5
{[%clk 1:28:33]} 8. cxd5 {[%clk 1:28:25]} Nxd5 {[%clk 1:27:23]} 9. Bb5+
{[%clk 1:23:57]} Bd7 {[%clk 1:25:25]} 10. Nxd5 {[%clk 1:24:07]} exd5
{[%clk 1:24:59]} 11. Bxb4 {[%clk 1:23:25]} axb4 {[%clk 1:24:34]} 12. Bxd7+
{[%clk 1:21:57]} Qxd7 {[%clk 1:20:59]} 13. Qb3 {[%clk 1:21:05]} Na6
{[%clk 1:18:17]} 14. O-O {[%clk 1:20:56]} O-O {[%clk 1:17:06]} 15. Rfd1
{[%clk 1:20:04]} Rfd8 {[%clk 1:16:55]} 16. Rac1 {[%clk 1:19:27]} Rac8
{[%clk 1:12:31]} 17. Rxc8 {[%clk 1:19:23]} Rxc8 {[%clk 1:12:00]} 18. Nf3
{[%clk 1:15:55]} Qb5 {[%clk 1:06:55]} 19. h3 {[%clk 1:10:17]} Nc7
{[%clk 0:42:25]} 20. Rd4 {[%clk 1:05:45]} Ne6 {[%clk 0:25:56]} 21. Rxd5
{[%clk 1:01:35]} Qc4 {[%clk 0:17:38]} 22. Qxc4 {[%clk 1:00:54]} Rxc4
{[%clk 0:17:13]} 23. Nd4 {[%clk 1:01:09]} Rc1+ {[%clk 0:15:49]} 24. Kh2
{[%clk 1:01:32]} Rb1 {[%clk 0:15:38]} 25. Nxe6 {[%clk 1:00:40]} fxe6
{[%clk 0:16:07]} 26. Rd2 {[%clk 1:00:40]} Kf7 {[%clk 0:15:44]} 27. Kg3
{[%clk 1:00:51]} Kf6 {[%clk 0:14:25]} 28. Kf3 {[%clk 1:01:09]} Ke5
{[%clk 0:13:08]} 29. b3 {[%clk 1:01:19]} Ra1 {[%clk 0:11:13]} 30. Rd4
{[%clk 1:01:32]} Rxa2 {[%clk 0:11:06]} 31. Rxb4 {[%clk 1:01:57]} Ra7
{[%clk 0:10:00]} 32. g4 {[%clk 1:00:55]} g5 {[%clk 0:09:50]} 33. Rb5+
{[%clk 1:00:48]} Kf6 {[%clk 0:10:17]} 34. b4 {[%clk 1:00:13]} h6 {[%clk 0:09:36]}
35. Rb6 {[%clk 0:58:19]} Ke5 {[%clk 0:09:06]} 36. Rb5+ {[%clk 0:57:55]} Kf6
{[%clk 0:06:11]} 37. Kg3 {[%clk 0:58:12]} Kg6 {[%clk 0:03:44]} 38. h4
{[%clk 0:58:07]} Kf6 {[%clk 0:03:08]} 39. hxg5+ {[%clk 0:57:27]} hxg5
{[%clk 0:03:36]} 40. Kf3 {[%clk 0:57:45]} Kg6 {[%clk 0:02:10]} 41. Ke4
{[%clk 0:57:18]} Kf6 {[%clk 0:01:59]} 42. Rb6 {[%clk 0:57:09]} Ke7
{[%clk 0:00:33]} 43. Ke5 {[%clk 0:57:22]} Kd7 {[%clk 0:00:34]} 44. Rxe6
{[%clk 0:56:41]} Ra2 {[%clk 0:00:42]} 45. Rg6 {[%clk 0:56:09]} Rxf2
{[%clk 0:00:48]} 46. Rxg5 {[%clk 0:56:20]} Rb2 {[%clk 0:01:07]} 47. Rg7+
{[%clk 0:54:38]} Kc6 {[%clk 0:01:35]} 48. g5 {[%clk 0:54:22]} Rxb4
{[%clk 0:01:21]} 49. e4 {[%clk 0:53:42]} Rb1 {[%clk 0:00:53]} 50. g6
{[%clk 0:53:47]} b5 {[%clk 0:00:56]} 51. Rg8 {[%clk 0:53:57]} Rg1
{[%clk 0:00:47]} 52. Ke6 {[%clk 0:53:59]} b4 {[%clk 0:00:41]} 53. g7
{[%clk 0:54:10]} Kc7 {[%clk 0:01:05]} 54. Ra8 {[%clk 0:53:44]} 1-0

[Event "MPA 1580 2024"]
[Site "Sianozety"]
[Date "2024.04.12"]
[Round "5.5"]
[White "Rosiak, Sebastian"]
[Black "Superson, Dawid"]
[Result "1-0"]
[BlackElo "1509"]
[WhiteElo "1547"]
[LiveChessVersion "1.4.4"]

1. e4 {[%clk 1:30:55]} e5 {[%clk 1:30:52]} 2. Nf3 {[%clk 1:31:17]} Nc6
{[%clk 1:31:05]} 3. Nc3 {[%clk 1:31:08]} Nf6 {[%clk 1:31:14]} 4. d4
{[%clk 1:30:45]} exd4 {[%clk 1:26:13]} 5. Nxd4 {[%clk 1:31:01]} Bb4
{[%clk 1:24:57]} 6. Nxc6 {[%clk 1:31:17]} dxc6 {[%clk 1:25:06]} 7. Qxd8+
{[%clk 1:30:41]} Kxd8 {[%clk 1:25:34]} 8. Bg5 {[%clk 1:30:01]} Bd7
{[%clk 1:18:53]} 9. O-O-O {[%clk 1:28:12]} Bxc3 {[%clk 1:18:16]} 10. bxc3
{[%clk 1:28:27]} h6 {[%clk 1:18:17]} 11. Bxf6+ {[%clk 1:23:34]} gxf6
{[%clk 1:18:45]} 12. g3 {[%clk 1:20:31]} Ke7 {[%clk 1:14:26]} 13. Bg2
{[%clk 1:18:04]} a5 {[%clk 1:10:22]} 14. Rhe1 {[%clk 1:15:35]} Ra6
{[%clk 1:10:22]} 15. e5 {[%clk 1:11:29]} f5 {[%clk 1:10:21]} 16. Rd4
{[%clk 1:00:26]} Rb6 {[%clk 1:07:01]} 17. Red1 {[%clk 0:59:38]} Be6
{[%clk 1:06:58]} 18. a3 {[%clk 0:54:08]} Ba2 {[%clk 0:58:28]} 19. f4
{[%clk 0:53:17]} Rb1+ {[%clk 0:40:17]} 20. Kd2 {[%clk 0:53:31]} Rb2
{[%clk 0:36:51]} 21. Kc1 {[%clk 0:53:36]} Rb1+ {[%clk 0:36:48]} 22. Kd2
{[%clk 0:53:46]} Rxd1+ {[%clk 0:34:01]} 23. Kxd1 {[%clk 0:53:57]} Rd8
{[%clk 0:33:50]} 24. Rxd8 {[%clk 0:51:43]} Kxd8 {[%clk 0:34:14]} 25. Kd2
{[%clk 0:52:00]} Ke7 {[%clk 0:34:03]} 26. Kd3 {[%clk 0:52:01]} Be6
{[%clk 0:30:41]} 27. Kd4 {[%clk 0:51:42]} Kd7 {[%clk 0:30:10]} 28. c4
{[%clk 0:50:52]} b6 {[%clk 0:19:56]} 29. c5 {[%clk 0:50:15]} b5 {[%clk 0:20:19]}
30. c3 {[%clk 0:47:08]} Bc4 {[%clk 0:18:43]} 31. Bh3 {[%clk 0:44:01]} Be6
{[%clk 0:18:22]} 32. Bg2 {[%clk 0:42:32]} Bc4 {[%clk 0:17:52]} 33. Bf3
{[%clk 0:41:37]} Be6 {[%clk 0:16:19]} 34. h3 {[%clk 0:41:24]} Bb3
{[%clk 0:14:32]} 35. g4 {[%clk 0:40:58]} fxg4 {[%clk 0:11:35]} 36. Bxg4+
{[%clk 0:40:08]} Be6 {[%clk 0:08:52]} 37. Bxe6+ {[%clk 0:37:26]} Kxe6
{[%clk 0:08:03]} 38. Ke4 {[%clk 0:37:48]} f5+ {[%clk 0:08:08]} 39. exf6
{[%clk 0:37:23]} Kxf6 {[%clk 0:08:21]} 40. f5 {[%clk 0:37:18]} Ke7
{[%clk 0:05:28]} 41. Ke5 {[%clk 0:37:30]} Kf7 {[%clk 0:05:17]} 42. f6
{[%clk 0:37:49]} Kf8 {[%clk 0:05:02]} 43. Ke6 {[%clk 0:38:03]} Ke8
{[%clk 0:05:29]} 44. f7+ {[%clk 0:38:14]} Kf8 {[%clk 0:05:50]} 45. Kd7
{[%clk 0:36:41]} b4 {[%clk 0:05:55]} 46. cxb4 {[%clk 0:36:47]} axb4
{[%clk 0:06:19]} 47. axb4 {[%clk 0:36:55]} Kxf7 {[%clk 0:06:45]} 48. Kxc7
{[%clk 0:37:11]} 1-0